Retour de L'U.R.S.S. ; suivi de Retouches a mon retour de L'U.R.S.S. / (Record no. 104967)

MARC details
000 -LEADER
campo de control de longitud fija 00756nam a2200253 i 4500
001 - NÚMERO DE CONTROL
campo de control 104967
003 - IDENTIFICADOR DE NÚMERO DE CONTROL
campo de control ES-MaACL
005 - FECHA Y HORA DE LA ÚLTIMA TRANSACCIÓN
campo de control 20240501063044.0
007 - CAMPO FIJO DE DESCRIPCIÓN FÍSICA--INFORMACIÓN GENERAL
campo de control de longitud fija t|
008 - DATOS DE LONGITUD FIJA--INFORMACIÓN GENERAL
campo de control de longitud fija 060601s1950 fr ||||1| fre d
080 ## - NÚMERO DE LA CLASIFICACIÓN DECIMAL UNIVERSAL
Número de la Clasificación Decimal Universal 821.133.1-992"19"
080 ## - NÚMERO DE LA CLASIFICACIÓN DECIMAL UNIVERSAL
Número de la Clasificación Decimal Universal 329.15
080 ## - NÚMERO DE LA CLASIFICACIÓN DECIMAL UNIVERSAL
Número de la Clasificación Decimal Universal 914.7
100 1# - ENTRADA PRINCIPAL--NOMBRE DE PERSONA
Nombre de persona Gide, André,
Fechas asociadas al nombre 1869-1951
9 (RLIN) 56674
245 10 - MENCIÓN DEL TÍTULO
Título Retour de L'U.R.S.S. ; suivi de Retouches a mon retour de L'U.R.S.S. /
Mención de responsabilidad, etc. André Gide.
250 ## - MENCION DE EDICION
Mención de edición 20e. ed.
260 ## - PUBLICACIÓN, DISTRIBUCIÓN, ETC.
Lugar de publicación, distribución, etc. [Paris] :
Nombre del editor, distribuidor, etc. Gallimard,
Fecha de publicación, distribución, etc. [1950]
300 ## - DESCRIPCIÓN FÍSICA
Extensión 220 p. ;
Dimensiones 19 cm.
500 ## - NOTA GENERAL
Nota general Biblioteca Jacinto Martínez Lacalle.
650 14 - PUNTO DE ACCESO ADICIONAL DE MATERIA--TÉRMINO DE MATERIA
Término de materia o nombre geográfico como elemento de entrada Comunismo-
Subdivisión geográfica URSS.
9 (RLIN) 11227
651 #4 - PUNTO DE ACCESO ADICIONAL DE MATERIA--NOMBRE GEOGRÁFICO
Nombre geográfico URSS-
Subdivisión general Descripción.
9 (RLIN) 9467
852 ## - LOCALIZACIÓN
Ubicación ES-MaACL
Número de control de estantería E-11302
Sublocalización o colección R.138960
Holdings
Estatus retirado Estado de pérdida Estado de daño No para préstamo Biblioteca de origen Biblioteca actual Ubicación en estantería Fecha de adquisición Fuente de adquisición Total de préstamos Signatura topográfica completa Código de barras Visto por última vez Precio de reemplazo Tipo de ítem Koha
        Biblioteca del Ateneo de Madrid Biblioteca del Ateneo de Madrid Depósito 2 17/01/2008     E-11302 1109581 23/02/2023 23/02/2023 Libro impreso